Little red riding hood / (Record no. 103558)
[ view plain ]
| 000 -LEADER | |
|---|---|
| fixed length control field | 00544nam a2200181 a 4500 |
| 005 - DATE AND TIME OF LATEST TRANSACTION | |
| control field | 20140412111304.0 |
| 008 - FIXED-LENGTH DATA ELEMENTS--GENERAL INFORMATION | |
| fixed length control field | 001116s19uu xx 00 eng d |
| 020 ## - INTERNATIONAL STANDARD BOOK NUMBER | |
| International Standard Book Number | 0-19-422000-1 |
| 050 ## - LIBRARY OF CONGRESS CALL NUMBER | |
| Classification number | ER |
| Item number | Li72 1995 |
| 100 ## - MAIN ENTRY--PERSONAL NAME | |
| Personal name | Arengo, Sue |
| 245 ## - TITLE STATEMENT | |
| Title | Little red riding hood / |
| Statement of responsibility, etc | retold by Sue Arengo ; illustrated by Tony Kenyon. |
| 260 ## - PUBLICATION, DISTRIBUTION, ETC. (IMPRINT) | |
| Place of publication, distribution, etc | Oxofrd : |
| Name of publisher, distributor, etc | Oxford University Press, |
| Date of publication, distribution, etc | 1995. |
| 300 ## - PHYSICAL DESCRIPTION | |
| Extent | 23 p. ; col. ; ill. |
| 500 ## - GENERAL NOTE | |
| General note | Classic tales. Elementary 1 |
| 650 ## - SUBJECT ADDED ENTRY--TOPICAL TERM | |
| Topical term or geographic name as entry element | Fairytales |
| 650 ## - SUBJECT ADDED ENTRY--TOPICAL TERM | |
| Topical term or geographic name as entry element | Folklore -- Germany |
| Withdrawn status | Lost status | Damaged status | Use restrictions | Home library | Current library | Shelving location | Date acquired | Source of acquisition | Total Checkouts | Full call number | Barcode | Date last seen | Price effective from | Koha item type |
|---|---|---|---|---|---|---|---|---|---|---|---|---|---|---|
| Elizalde Library | Elizalde Library | Easy Reading Section | 11/16/2000 | ER Li72 1995 | E5273 | 04/12/2014 | 04/12/2014 | Books |